The mine song - Lazy town - Statistics

General Stats
  • This quiz has been taken 15 times
  • The average score is 61 of 108
Answer Stats
Answer % Correct
mine
92%
i
85%
it
77%
this
77%
and
69%
is
69%
its
69%
the
69%
you
69%
all
62%
box
62%
mail
62%
are
54%
me
54%
sign
54%
your
54%
blue
46%
east
46%
sweets
46%
that
46%
there
46%
to
46%
triagonal
46%
west
46%
Ziggy's
46%
balloon
38%
belongs
38%
cause
38%
june
38%
month
38%
north
38%
of
38%
south
38%
also
31%
always
31%
birdies
31%
carress
31%
everything
31%
feet
31%
possess
31%
see
31%
they're
31%
tweets
31%
both
23%
break
23%
ceiling
23%
city
23%
feelings
23%
floor
23%
i'm
23%
instrumental
23%
knew
23%
said:
23%
stingy
23%
streets
23%
thats
23%
emphatically
15%
those
15%
what
15%
No matching quizzes found
Score Distribution
Percent of People with Each Score
Percentile by Number Answered
Your Score History
You have not taken this quiz